书目信息 |
| 题名: |
咨询师与团体
|
|
| 作者: | 特罗泽 著 ;邵瑾 , 冯愉涵 , 周子涵 译 | |
| 分册: | ||
| 出版信息: | 北京 机械工业出版社 2017 |
|
| 页数: | 28,475页 | |
| 开本: | 24cm | |
| 丛书名: | 团体心理咨询与团体心理治疗丛书 | |
| 单 册: | ||
| 中图分类: | C932.2 | |
| 科图分类: | ||
| 主题词: | 咨询心理学--zi xun xin li xue--集体心理学 | |
| 电子资源: | ||
| ISBN: | 978-7-111-55304-5 | |
| 000 | 01753nam0 22003131 450 | |
| 001 | 1754560481 | |
| 005 | 20170516112211.0 | |
| 010 | @a978-7-111-55304-5@dCNY90.00 | |
| 100 | @a20170112d2017 em y0chiy50 ea | |
| 101 | 1 | @achi@ceng |
| 102 | @aCN@b110000 | |
| 105 | @ay z 000yy | |
| 106 | @ar | |
| 200 | 1 | @a咨询师与团体@9zi xun shi yu tuan ti@e理论、培训与实践@dThe counselor and the group@eintegrating theory, training, and practice@f(美)詹姆斯 P. 特罗泽(James P. Trotzer)著@g邵瑾,冯愉涵,周子涵等译@zeng |
| 210 | @a北京@c机械工业出版社@d2017 | |
| 215 | @a28,475页@d24cm | |
| 225 | 2 | @a团体心理咨询与团体心理治疗丛书@9tuan ti xin li zi xun yu tuan ti xin li zhi liao cong shu |
| 305 | @a据原书第4版译出 由Taylor & Francis Group, LLC授权出版 | |
| 330 | @a本书首先介绍了团体咨询的基本概念及原理;之后的两个章节以此为基础,阐述了团体的发展阶段及具体的实践过程;第6章及第7章阐述了团体中必不可少的组成部分——团体领导者及成员的特点、角色、任务及行为;第8章及第9章则是关于团体的专业伦理及实践标准,包括《团体工作最佳实践指南》及胜任多元文化的团体工作;第10-12章侧重团体的实施,包括团体的区别、组织及评估三个方面;第13章专门介绍了团体工作中可以使用的工具——团体沟通活动;第14章及第15章介绍了家庭理论及危机干预在团体中的应用;最后一章对如何开展团体领域的研究进行了介绍。 | |
| 461 | 0 | @12001 @a团体心理咨询与团体心理治疗丛书 |
| 510 | 1 | @aCounselor and the group@eintegrating theory, training, and practice@zeng |
| 606 | 0 | @a咨询心理学@9zi xun xin li xue@x集体心理学 |
| 690 | @aC932.2@v5 | |
| 701 | 0 | @c(美)@a特罗泽@9te luo ze@c(Trotzer, James P.)@4著 |
| 702 | 0 | @a邵瑾@9shao jin@4译 |
| 702 | 0 | @a冯愉涵@9feng yu han@4译 |
| 702 | 0 | @a周子涵@9zhou zi han@4译 |
| 801 | 0 | @aCN@b百万庄@c20170513 |
| 905 | @b1006734-9@dC932.2@e574@f6 | |
| 咨询师与团体:理论、培训与实践=The counselor and the group:integrating theory, training, and practice/(美)詹姆斯 P. 特罗泽(James P. Trotzer)著/邵瑾,冯愉涵,周子涵等译.-北京:机械工业出版社,2017 |
| 28,475页;24cm.-(团体心理咨询与团体心理治疗丛书) |
| ISBN 978-7-111-55304-5:CNY90.00 |
| 本书首先介绍了团体咨询的基本概念及原理;之后的两个章节以此为基础,阐述了团体的发展阶段及具体的实践过程;第6章及第7章阐述了团体中必不可少的组成部分——团体领导者及成员的特点、角色、任务及行为;第8章及第9章则是关于团体的专业伦理及实践标准,包括《团体工作最佳实践指南》及胜任多元文化的团体工作;第10-12章侧重团体的实施,包括团体的区别、组织及评估三个方面;第13章专门介绍了团体工作中可以使用的工具——团体沟通活动;第14章及第15章介绍了家庭理论及危机干预在团体中的应用;最后一章对如何开展团体领域的研究进行了介绍。 |
| ● |
| 相关链接 |
|
|
|
|
正题名:咨询师与团体
索取号:C932.2/574
 
预约/预借
| 序号 | 登录号 | 条形码 | 馆藏地/架位号 | 状态 | 备注 |
| 1 | 1006734 | 210067345 | 第一样本阅览室/ [索取号:C932.2/574] | 在馆 | |
| 2 | 1006735 | 210067354 | 教育系资料室/ [索取号:C932.2/574] | 在馆 | |
| 3 | 1006736 | 210067363 | 教育系资料室/ [索取号:C932.2/574] | 在馆 | |
| 4 | 1006737 | 210067372 | 教育系资料室/ [索取号:C932.2/574] | 在馆 | |
| 5 | 1006738 | 210067381 | 第一借阅区/ [索取号:C932.2/574] | 在馆 | |
| 6 | 1006739 | 210067390 | 第一借阅区/ [索取号:C932.2/574] | 在馆 |